01806nmm a2200433 a 4500003000900000005001700009008004100026020001800067040001300085110004100098245015400139260003500293300002800328500004600356500010500402500009500507500013600602504005600738650002500794650001900819650001500838650002800853650002600881650002700907650003100934653002800965653002200993700003401015700003601049700003001085700003001115700001901145700001801164700001801182700002501200700002101225700002201246710010401268AR-BaBNM20251128204033.0027019s1990 ||||||||||||||000 | spa|| a968-6078-82-7 cAR-BaBNM2 aOrganización de Estados Americanos10aAlternativas de educación para grupos culturalmente diferenciadosbmodelos de programas educativos para el desarrollo integral a nivel artesanal. 2 aPátzcuarobOEAbCrefalc1990 axv, 194 p.bdiagr., il. aOEA: Organización de Estados Americanos aCREFAL: Centro Regional de Educación de Adultos y Alfabetización Funcional para América Latina aContiene en Anexos: Desarrollo del Proyecto Multinacional de Cultura Popular y Educación aNómina de participantes del II Taller "Modelos de Programas Educativos para el Desarrollo Artesanal integral a nivel comunitario" aContiene bibliografía al final de cada capítulo 4aEDUCACION DE ADULTOS 4aALFABETIZACION 4aARTESANIAS 4aDIFERENCIACION CULTURAL 4aDIFERENCIACION SOCIAL 4aTRABAJADORES AGRICOLAS 4aDESARROLLO DE LA COMUNIDAD aINVESTIGACION EDUCATIVA aEDUCACION POPULAR1 aChamorro, Inéseprologuista1 aDuque, Ana Maríaeprologuista1 aNilo, Sergioeprologuista1 aSalas, María Angélica1 aDuque, Cecilia1 aSolano, Pablo1 aOteiza, Fidel1 aSoto Cornejo, Isabel1 aRichards, Howard1 aBenson, Susana S.2 aCentro de Cooperación Regional para la Educación de los Adultos en América Latina y el Caribe